[Event "OP-2010-0-01078"]
[Site "LSS email"]
[Date "2010.02.10"]
[Round "?"]
[White "Nolf, Francky"]
[Black "Orellana, Jose Joaquin"]
[Result "1/2-1/2"]
[WhiteElo "1189"]
[BlackElo "2100"]
[PlyCount "72"]
[EventDate "2010.02.06"]
[EventType "tourn (corr)"]
[EventRounds "4"]
[EventCountry "GER"]
[SourceTitle "Corr 2022"]
[Source "ChessBase"]
[SourceDate "2021.10.24"]
[SourceVersion "1"]
[SourceVersionDate "2021.10.24"]
[SourceQuality "1"]

1. d4 d6 2. e4 g6 3. Nc3 Bg7 4. Nf3 e6 5. Bd3 Ne7 6. Bg5 h6 7. Bxe7 Qxe7 8. 0-0 Nd7 9. Ne2 a6 10. c3 b6 11. Ng3 Bb7 12. Qc2 0-0 13. Ne2 c5 14. Nf4 e5 15. dxe5 Nxe5 16. Nxe5 dxe5 17. Nd5 Bxd5 18. exd5 f5 19. Bc4 Qd6 20. Rad1 b5 21. Be2 Rad8 22. c4 b4 23. b3 e4 24. Kh1 Bd4 25. f3 e3 26. Rd3 f4 27. Rfd1 Rf5 28. Rxd4 cxd4 29. Rxd4 Qc5 30. Qe4 Qd6 31. Kg1 Kf7 32. Qd3 a5 33. Re4 Re8 34. Qd4 Re7 35. Qh8 Rxe4 36. fxe4 Rf6 1/2-1/2

[Event "OP-2010-0-01078"]
[Site "LSS email"]
[Date "2010.02.10"]
[Round "?"]
[White "Orellana, Jose Joaquin"]
[Black "Bonoldi, Fabio"]
[Result "0-1"]
[WhiteElo "2100"]
[BlackElo "1928"]
[PlyCount "42"]
[EventDate "2010.02.06"]
[EventType "tourn (corr)"]
[EventRounds "4"]
[EventCountry "GER"]
[SourceTitle "Corr 2022"]
[Source "ChessBase"]
[SourceDate "2021.10.24"]
[SourceVersion "1"]
[SourceVersionDate "2021.10.24"]
[SourceQuality "1"]

1. e4 d6 2. d4 Nf6 3. Nc3 c6 4. Nf3 Bg4 5. Be2 e6 6. 0-0 d5 7. e5 Nfd7 8. h3 Bxf3 9. Bxf3 Be7 10. Ne2 0-0 11. c3 c5 12. Be3 Nc6 13. a3 Rc8 14. Qb3 Nb6 15. Rfc1 Nc4 16. Qc2 Nxe3 17. fxe3 Bg5 18. Qd2 Na5 19. dxc5 Nb3 20. Qd3 Nxa1 21. Rxa1 Rxc5 0-1

[Event "OP-2010-0-01069"]
[Site "LSS email"]
[Date "2010.02.03"]
[Round "?"]
[White "Sverdlov, Dimitri"]
[Black "Orellana, Jose Joaquin"]
[Result "1-0"]
[WhiteElo "1648"]
[BlackElo "2100"]
[PlyCount "67"]
[EventDate "2010.01.30"]
[EventType "tourn (corr)"]
[EventRounds "4"]
[EventCountry "GER"]
[SourceTitle "Corr 2022"]
[Source "ChessBase"]
[SourceDate "2021.10.24"]
[SourceVersion "1"]
[SourceVersionDate "2021.10.24"]
[SourceQuality "1"]

1. Nf3 g6 2. e4 d6 3. d4 Bg7 4. Be2 Nd7 5. 0-0 e6 6. Nc3 Ne7 7. Bf4 b6 8. a4 Bb7 9. a5 a6 10. axb6 Nxb6 11. Re1 h6 12. h4 Nd7 13. Qd2 Nf6 14. Bc4 Ng4 15. Qe2 0-0 16. Bxa6 Bxa6 17. Rxa6 Rxa6 18. Qxa6 Qb8 19. b3 e5 20. dxe5 dxe5 21. Bd2 Rd8 22. Ra1 Kh7 23. Qc4 Rf8 24. Ra6 Qb7 25. Na4 f5 26. Nc5 Qc8 27. Ne6 Rf6 28. Bc3 fxe4 29. Nxe5 Nxf2 30. h5 gxh5 31. Ng5+ hxg5 32. Rxf6 Bxf6 33. Qf7+ Bg7 34. Nd7 1-0